00473nam a2200169Ia 4500003000400000008004100004040001600045082002000061100002100081245006600102700001800168260005200186300001000238650001600248650001900264650002000283GCL140319s9999 xx 000 0 eng d aGCL / cGCL04a616.891523bL E1 aLANDY, ROBERT J.10aESSAYS IN DRAMA THERAPY: THE DOUBLE LIFE / cLANDY, ROBERT J.1 aBOLLON, GAVIN a[S.N] : bJESSICA KINGSLEY PUBLISHERS ، c1996 a268 P04aPSYCHODRAMA04aDRAMA THERAPHY04aMEDICAL SCIENCE